000 00425nam a2200169Ia 4500
008 260407s2025 xx 000 0 und d
041 _aeng
082 _a570/SHI
_b12461
100 _aDR.V.M.SHINDE
245 _aHERBAL DRUG TECHONOLOGY
250 _a9TH
260 _aPUNE
_bNIRALI PRAKASHAN
_c2025
300 _a13.29 I-4p
650 _aHERBAL DRUG TECHONOLOGY
650 _aPHARMACOGNOSY
700 _aMRS.K.S.BODAS
999 _c1219953
_d1219953